| 000 | 00815cam a22002295a 4500 | ||
|---|---|---|---|
| 005 | 20160524133720.0 | ||
| 008 | 160510t2014 enka frb 001 0 eng d | ||
| 020 | _a9781780764276 | ||
| 040 |
_aEG-ScBUE _beng _cEG-ScBUE _dEG-ScBUE |
||
| 082 | 0 | 4 |
_222 _a297.81 _bGES |
| 100 | 1 |
_939950 _aGesink, Indira Falk. |
|
| 245 | 1 | 0 |
_aIslamic reform and conservatism : _bAl-Azhar and the evolution of modern Sunni Islam / _cIndira Falk Gesink. |
| 260 |
_aLondon ; _aNew York : _bI. B. Tauris, _cc.2014. |
||
| 300 |
_aviii, 311 p. : _bill. ; _c24 cm. |
||
| 500 | _aIndex : p. [293]-311. | ||
| 504 | _aBibliography : p. [279]-292. | ||
| 650 | 7 |
_2BUEsh _aSunnites. _939951 |
|
| 650 | 7 |
_aIslam _xStudy and teaching _zEgypt _zCairo _xHistory _y19th century. _2BUEsh _939952 |
|
| 651 | _2BUEsh | ||
| 653 |
_bBUSBOL _cMay2016 |
||
| 942 | _2ddc | ||
| 999 |
_c21723 _d21695 |
||